00426cam a2200169ua 4500001000500000005001700005008003900022040000900061082001300070100003000083245003800113250000900151260004200160300001600202653001900218653001900237283520260515113600.0110912n ii |||gr||||Z||||||asm cMAIN a891.45121 aBharali, Sailen,eAuthor.11aTragedy bicharcby Sailen Bharali a1st. aGuahati:bBani prakash,972.aKolkata: a61p:c23cm. aAssamese drama aTragedy bichar